Enrique Granados
Guardat en:
| Autor principal: | |
|---|---|
| Format: | Llibre |
| Idioma: | espanyol |
| Publicat: |
Barcelona
Arte y Letras
1920
|
| Matèries: | |
| Etiquetes: |
Afegir etiqueta
Sense etiquetes, Sigues el primer a etiquetar aquest registre!
|
MARC
| LEADER | 00000nam a2200000 a 4500 | ||
|---|---|---|---|
| 001 | UCN1663 | ||
| 003 | CL-VaPUC | ||
| 008 | 010427e19200000SP |||||||||||||||||spa|d | ||
| 082 | 0 | 4 | |a 780.92 |b BOL |2 21 |
| 100 | 0 | |a Boladeres Ibern, Guillermo de |e author |9 456909 | |
| 245 | 1 | 0 | |a Enrique Granados |
| 300 | |a 212 p | ||
| 942 | |c BK | ||
| 945 | |d 20010427 00:00:00 |a crobeson | ||
| 260 | |a Barcelona |b Arte y Letras |c 1920 | ||
| 600 | 0 | 7 | |a GRANADOS, ENRIQUE |2 CL-VaPUC |9 456910 |
| 650 | 7 | |a COMPOSITORES ESPAÑOLES |2 CL-VaPUC |9 456911 | |
| 650 | 7 | |a MUSICOS ESPAÑOLES |2 CL-VaPUC |9 456912 | |
| 650 | 0 | |a Pianistas |9 306502 | |
| 583 | |a last modification |c 20010427 00:00:00 |k Rodrigo Vera | ||
| 999 | |c 294914 |d 294912 | ||